Statistiques concernant Petit bac - Lettre M

Cliquez ici pour prendre le quiz!

Statistiques générales

  • Ce quiz a été pris 710 fois
  • Le résultat moyen est 50 sur 380

Statistiques - réponses

HintRéponse% Correct
Marques #6 | Personnages Disney #6 | Prénoms Fille #10Marie
75%
Prénoms Garçon #2Marc
62%
Marques #1Mars
57%
Prénoms Garçon #23Martin
54%
Corps Humain #1Main
51%
Fruits #2Mangue
50%
Couleur #2Marron
48%
Couleur #3Mauve
48%
Pays #5Mali
47%
Prénoms Fille #1Manon
47%
Personnages Harry Potter (Prénom ou Surnom) #4 | Personnages Simpsons #1Marge
46%
Métiers #11 | Personnages Disney #7Marin
46%
Pays #7Maroc
46%
Personnages Disney #12 | Prénoms Garçon #13Michel
45%
Personnages Disney #8Maurice
44%
Séries #11 | Villes #1Marseille
43%
Outils #1Marteau
42%
Pays #9Mauritanie
42%
Vêtements #2Manteau
38%
Fleur #2 | Prénoms Fille #20Marguerite
38%
Enseignes de restauration #1Mc Donald
38%
Pays #11Mexique
38%
Pays #12Moldavie
38%
Boissons #7 | Pays #13Monaco
38%
Métiers #2Maçon
37%
Pays #14Mongolie
37%
Films Disney (animation + film) #4 | Personnages Disney #21Mulan
37%
Prénoms Garçon #16Maé
36%
Personnages Disney #17Mouche
36%
Films d'animation Cinéma #1 | Pays #2Madagascar
35%
Défauts #6Méchant
35%
Pays #1Macédoine
34%
Personnages Disney #25 | Personnages Disney #9Max
34%
Magasins #6Mango
32%
Couleur #6 | Légumes #3Melon
31%
Pays #15Mozambique
31%
Fruits #5Myrtille
31%
Pays #6Malte
30%
Prénoms Garçon #5Maxime
29%
Métiers #14Médecin
29%
Prénoms Fille #3Mila
29%
Villes #10Madrid
28%
Pays #3Malaisie
28%
Couleur #7 | Fruits #1Mandarine
28%
Prénoms Garçon #7Matthieu
28%
Magasins #9Mim
28%
Moyens de transport #1Moto
28%
Vêtements #3Marcel
27%
Moyens de transport #2Métro
27%
Pays #4Maldives
26%
Animaux #5Marmotte
26%
Couleur #5Menthe
26%
Prénoms Fille #4Mia
26%
Métiers #15Menuisier
25%
Fruits #4Mure
25%
Animaux #2Manchot
24%
Boissons #1Martini
24%
Métiers #13Mécanicien
24%
Personnages Disney #14Mickey
24%
Prénoms Garçon #17Mael
23%
Sport #1Marche
23%
Prénoms Garçon #10Mathis
23%
Marques #14Maggi
22%
Accessoires Mode #2Montre
22%
Ustensils de cuisine #1Moule
22%
Légumes #1Mache
21%
Défauts #1Macho
21%
Animaux #3Mangouste
21%
Prénoms Garçon #1Michael
21%
Villes #2Milan
21%
Corps Humain #4Menton
20%
Chanteuse (Prénom ou Nom de scène) #1Madonna
19%
Couleur #4 | Légumes #2Mais
19%
Qualités #1Malin
19%
Outils #2Masse
19%
Défauts #9Menteur
19%
Personnages Disney #5 | Personnages Simpsons #2Maggie
18%
Prénoms Fille #12Melissa
18%
Personnages Disney #13 | Séries #15Merlin
18%
Villes #8Moscou
18%
Corps Humain #7Muscle
18%
Animaux #1Macaque
17%
Prénoms Fille #2Margaux
17%
Marques #21Mercedes
17%
Fruits #3Mirabelle
17%
Boissons #2Mojito
17%
Villes #7Montpellier
17%
Magasins #4 | Prénoms Garçon #12Morgan
17%
Prénoms Fille #16Muriel
17%
Personnages Disney #26 | Prénoms Fille #21 | Séries #10Marianne
16%
Animaux #6Marsouin
16%
Villes #12Mexico
16%
Qualités #5Mignon
16%
Personnages Disney #15Minnie
16%
Prénoms Fille #17Mylène
16%
Prénoms Fille #22Myriam
16%
Couleur #1Magenta
15%
Instruments musique #1 | Ustensils de cuisine #2Mandoline
15%
Animaux #8Merle
15%
Marques #22Michelin
15%
Prénoms Fille #19Maeva
14%
Personnages Simpsons #5Maude
14%
Prénoms Garçon #21Maxence
14%
Prénoms Fille #14Michèle
14%
Personnages Disney #16Molly
14%
Prénoms Garçon #11 | Séries #6Malcolm
13%
Animaux #9Mésange
13%
Personnages Disney #28Milo
13%
Fleur #3Mimosa
13%
Epices #2Muscade
13%
Groupe Musique #2MUSE
13%
Métiers #29Musicien
13%
Dessins animés TV #3Marsupilami
12%
Meubles, Rangements, Décorations #4Miroir
12%
Prénoms Garçon #3Mohamed
12%
Films d'animation Cinéma #2Moi, Moche et Méchant
12%
Animaux #10Moineau
12%
Corps Humain #6Mollet
12%
Métiers #17Monteur
12%
Vêtements #5Moufle
12%
Animaux #14Musaraigne
12%
Métiers #3Magasinier
11%
Youtubers #2Mastu
11%
Youtubers #4McFly
11%
Prénoms Fille #18Mélodie
11%
Chanteur (Prénom ou Nom de scène) #7Michel Sardou
11%
Vêtements #4Mitaine
11%
Personnages Disney #20Mowgli
11%
Chanteur (Prénom ou Nom de scène) #1M Pokora
11%
Défauts #2Maladroit
10%
Films Disney (animation + film) #2 | Personnages Disney #4Maléfique
10%
Villes #11Manille
10%
Métiers #23Masseur
10%
Films Disney (animation + film) #3Merlin l'enchanteur
10%
Pokemon 1ere generation #12Mew
10%
Villes #3Miami
10%
Chanteur (Prénom ou Nom de scène) #8Mika
10%
Youtubers #5Mister V
10%
Marques #20M&M's
10%
Animaux #11Morse
10%
Fleur #1Magnolia
9%
Meubles, Rangements, Décorations #2Malle
9%
Prénoms Garçon #20Manuel
9%
Métiers #10Maraicher
9%
Films Disney (animation + film) #1Mary Poppins
9%
Pokemon 1ere generation #14Miaouss
9%
Chanteur (Prénom ou Nom de scène) #6Michael Jackson
9%
Métiers #27Militaire
9%
Epices #1Moutarde
9%
Fleur #4Muguet
9%
Villes #9Munich
9%
Chanteuse (Prénom ou Nom de scène) #4Mylène Farmer
9%
Pokemon 1ere generation #3Machopeur
8%
Pokemon 1ere generation #5Magicarpe
8%
Pokemon 1ere generation #6Magmar
8%
Pokemon 1ere generation #7Magneti
8%
Défauts #3Malhonnête
8%
Boissons #3Malibu
8%
Défauts #5Manipulateur
8%
Métiers #8Mannequin
8%
Instruments musique #2Maracas
8%
Prénoms Garçon #19Marco
8%
Prénoms Fille #13Megane
8%
Défauts #11Mesquin
8%
Pokemon 1ere generation #13Mewtwo
8%
Personnages Disney #35 | Prénoms Garçon #18Miguel
8%
Animaux #13Mulot
8%
Sport #3Musculation
8%
Métiers #1Machiniste
7%
Pokemon 1ere generation #2Machoc
7%
Pokemon 1ere generation #4Mackogneur
7%
Prénoms Fille #23Maggy
7%
Marques #7Maille
7%
Chanteur (Prénom ou Nom de scène) #2Maitre Gims
7%
Défauts #4Maniaque
7%
Chanteur (Prénom ou Nom de scène) #3Marc Lavoine
7%
Prénoms Garçon #22Marius
7%
Prénoms Garçon #8Matthias
7%
Pays #10Mayotte
7%
Pokemon 1ere generation #10Melodelfe
7%
Pokemon 1ere generation #9Melofee
7%
Groupe Musique #3Metallica
7%
Outils #4Mètre
7%
Ustensils de cuisine #4Mixeur
7%
Pokemon 1ere generation #1M. Mime
7%
Qualités #7Modeste
7%
Pokemon 1ere generation #17Mystherbe
7%
Prénoms Fille #5Maddy
6%
Pokemon 1ere generation #8Magneton
6%
Vêtements #1Maillot de bain
6%
Métiers #19Maire
6%
Corps Humain #2Majeur
6%
Villes #4Marrakech
6%
Prénoms Garçon #15Marvin
6%
Prénoms Garçon #9Matthéo
6%
Pokemon 1ere generation #11Metamorph
6%
Personnages Harry Potter (Prénom ou Surnom) #2Mimi Geignarde
6%
Pokemon 1ere generation #15Mimitoss
6%
Métiers #28Ministre
6%
Corps Humain #5Molaire
6%
Séries #19Mom
6%
Magasins #2Monoprix
6%
Films Disney (animation + film) #5Monstre et compagnie
6%
Personnages Disney #22Mushu
6%
Prénoms Fille #6Maddison
5%
Prénoms Fille #9Maelis
5%
Métiers #4Magistrat
5%
Marques #3 | Séries #5Magnum
5%
Métiers #6Maitre chien
5%
Métiers #7Maitre nageur
5%
Métiers #21Manager
5%
Métiers #9Maquilleuse
5%
Boissons #8Margarita
5%
Animaux #7Martin pécheur
5%
Métiers #24Mathématicien
5%
Chanteur (Prénom ou Nom de scène) #4Mathieu Chedid
5%
Défauts #7Médisant
5%
Boissons #5Menthe à l'eau
5%
Outils #5Meule
5%
Personnages Simpsons #3Milhouse
5%
Personnages Harry Potter (Prénom ou Surnom) #1Minerva McGonagall
5%
Pokemon 1ere generation #16Minidraco
5%
Qualités #6Minutieux
5%
Défauts #12Misogyne
5%
Vêtements #6Mocassin
5%
Séries #20Monk
5%
Personnages Simpsons #4Monsieur Burns
5%
Moyens de transport #3Montgolfière
5%
Sport #2Moto Cross
5%
Marques #16Motorola
5%
Personnages Disney #19Mufasa
5%
Séries #22Murder
5%
Prénoms Garçon #6Myles
5%
Magasins #1Maison du monde
4%
Boissons #4Manzana
4%
Animaux #4Marabout
4%
Dessins animés TV #1Marcelino
4%
Métiers #12Maroquinier
4%
Qualités #2Mature
4%
Dessins animés TV #2Maya l'abeille
4%
Boissons #11May tea
4%
Personnages Disney #10Médusa
4%
Défauts #8Méfiant
4%
Personnages Disney #11Mégara
4%
Prénoms Garçon #14Melvin
4%
Séries #14Mentalist
4%
Métiers #16Metteur en scène
4%
Magasins #3Micromania
4%
Marques #8Milka
4%
Films Disney (animation + film) #6Mille et une pattes
4%
Vêtements #7Mini jupe
4%
Villes #5Minsk
4%
Boissons #12Minute maid
4%
Boissons #10Moka
4%
Films Disney (animation + film) #7Monde de Némo
4%
Animaux #12Mouffette
4%
Défauts #13Mythomane
4%
Séries #1MacGyver
3%
Prénoms Fille #8Madeline
3%
Métiers #5Maitre d'hotel
3%
Marques #17Malabar
3%
Prénoms Fille #15Malorie
3%
Corps Humain #3Mamelon
3%
Chanteuse (Prénom ou Nom de scène) #2Mariah carrey
3%
Groupe Musique #1Maroon 5
3%
Dessins animés TV #4Martin Mystère
3%
Personnages Disney #30Melody
3%
Marques #2Mentos
3%
Défauts #10Méprisant
3%
Qualités #4Méthodique
3%
Marques #4Mikado
3%
Chanteuse (Prénom ou Nom de scène) #3Miley Cyrus
3%
Boissons #6Milk Shake
3%
Personnages Harry Potter (Prénom ou Surnom) #3Mondingus
3%
Emissions TV #3Money Drop
3%
Marques #15Monster Munch
3%
Qualités #8Moral
3%
Qualités #9Motivé
3%
Moyens de transport #4Moto neige
3%
Emissions TV #4Motus
3%
Personnages Disney #1Madame Mim
2%
Prénoms Fille #7Madelaine
2%
Séries #2Mad Men
2%
Métiers #18Magnétiseur
2%
Meubles, Rangements, Décorations #3Mallette
2%
Séries #8Manifest
2%
Magasins #5Marionnaud
2%
Outils #3Marqueur
2%
Emissions TV #2Masterchef
2%
Personnages Disney #34Maui
2%
Marques #13McCain
2%
Métiers #25Médiateur
2%
Meubles, Rangements, Décorations #1Méridienne
2%
Qualités #3Méritant
2%
Métiers #26Météorologiste
2%
Marques #25Midas
2%
Ustensils de cuisine #5Minuteur
2%
Séries #18Modern Family
2%
Films Disney (animation + film) #10Monde de Dory
2%
Films Disney (animation + film) #8Monde de Narnia
2%
Films Disney (animation + film) #9Mondes de Ralph
2%
Ustensils de cuisine #7Moulin à poivre
2%
Marques #9Moulinex
2%
Boissons #9Mousseux
2%
Personnages Disney #23Madame de Trémaine
1%
Séries #4Madame est servie
1%
Personnages Disney #27Madame Samovar
1%
Métiers #20Majordome
1%
Séries #7Maniac
1%
Marques #19Manix
1%
Marques #24Maped
1%
Séries #9Marco polo
1%
Chanteuse (Prénom ou Nom de scène) #5Marina Kaye
1%
Marques #23Maybelline
1%
Chanteur (Prénom ou Nom de scène) #5MC Solaar
1%
Séries #12Medium
1%
Personnages Disney #32Meeko
1%
Séries #13Melrose place
1%
Enseignes de restauration #2Mie Caline
1%
Ustensils de cuisine #3Mijoteuse
1%
Séries #16Mindhunter
1%
Vêtements #8Mini short
1%
Personnages Disney #29Mirage
1%
Séries #17Misfits
1%
Marques #11Mobalpa
1%
Marques #10Mon Chéri
1%
Accessoires Mode #1Monocle
1%
Films Disney (animation + film) #11Monstre Academy
1%
Villes #6Montreux
1%
Personnages Disney #31Morgana
1%
Ustensils de cuisine #6Moulin à café
1%
Magasins #10Mr Bricolage
1%
Marques #12Mr Propre
1%
Séries #23Mr Robot
1%
Personnages Disney #3Madame Pattate
0%
Séries #3Madam Secretary
0%
Emissions TV #1Maison à vendre
0%
Prénoms Fille #11Maiwen
0%
Chanteur (Prénom ou Nom de scène) #9Maluma
0%
Personnages Disney #33Mama Odie
0%
Métiers #22Manipulateur radio
0%
Personnages Disney #36Marraine la bonne fée
0%
Pays #8Martiniques
0%
Magasins #7Maxi Bazar
0%
Magasins #8Maxi Toys
0%
Personnages Disney #24McLeach
0%
Chanteuse (Prénom ou Nom de scène) #6Meghan Trainor
0%
Prénoms Garçon #4Meidi
0%
Marques #18Mercurochrome
0%
Marques #5Mir Laine machine
0%
Youtubers #1Miss Jirachi
0%
Personnages Disney #2Monsieur Pattate
0%
Films d'animation Cinéma #3Monstres contre aliens
0%
Emissions TV #5Moundir et les apprentis aventuriers
0%
Séries #21Mr Bean
0%
Personnages Disney #18Muraille
0%

Distribution des résultats

Percentile par nombre de réponses

% des personnes avec chaque résultat

Votre développement - résultats

Vous n’avez pas pris ce quiz